| 000 | 00831nam a2200265 4500 | ||
|---|---|---|---|
| 003 | OSt | ||
| 005 | 20260601171005.0 | ||
| 008 | 260509b1978\\\\|||oa|||\||||\00|\0\eng\d | ||
| 020 | _a0690017839 | ||
| 040 |
_aICI _bspa _cICI |
||
| 050 |
_aNK2715 _bB73 1980 |
||
| 100 | 1 |
_aBradford, Peter _932080 |
|
| 245 | 1 |
_aChair: _bThe Current State of the Art, with the Who, the Why, and the What of It / _cPeter Bradford |
|
| 264 |
_bPeter Bradtford Publishers Inc _c1978 _aEstados unidos |
||
| 300 | _a138 páginas | ||
| 336 |
_atexto _2rdacontent |
||
| 337 |
_asin medio _2rdamedia |
||
| 338 |
_avolumen _2rdacarrier |
||
| 650 | _aMobiliario moderno | ||
| 650 |
_aDiseño industrial _915218 |
||
| 650 | _aDiseño de muebles | ||
| 650 |
_aHistoria del mobiliario _932083 |
||
| 700 |
_aPrete, Barbara _eedit. _932084 |
||
| 942 |
_2lcc _cB _n1 |
||
| 999 |
_c20235 _d20235 |
||